000 00633nam a2200229Ia 4500
003 OSt
005 20220923230724.0
006 a|||||r|||| 00| 0
007 ta
008 Pun
024 _a305,076
037 _cTextual
040 _aARTS
_cARTS
_bPun
041 _2Pun
_aPun
082 _aV243(W81).N8, 153N3
100 _aਅਮਰਜੀਤ, ਸੂਫੀ
245 0 _aਪੰਜਾਬ ਸੰਕਟ
_b ਇਕ ਵਿFਲੇFਣ
260 _c1993
650 _aਭਾਰਤੀਯ ਇਤਿਹਾਸ
942 _hV243(W81).N8, 153N3
_cTEXL
_2CC
999 _c386879
_d386879